01188nam a2200229 a 4500001001000000005001700010008004100027041000800068044000700076050002300083245010100106260015600207300001800363500001700381500006000398500003300458500000900491505026900500610008000769650004700849710006200896BRCA_729720190320205802.0190412s1951----mx-#######---#000-0#spa-# aspa amx 4aZ1007b.B65 1 195110aBoletín bibliográfico del Departamento de Biblioteca, Archivos Económicos y Publicaciones. aMéxicobSecretaría de Hacienda y Crédito Público. Dirección de Estudios Financieros, Departamento de Biblioteca y Archivos Económicosc1951 a49 p.c22 cm. aNo. 46, 1951 aBoletín inventariado por Banco de México como libro aVer también Q25, Q51 y Q91 aI1450 aI145a Artículo: Beltrán Martínez, Román. Las casas de moneda en los Estados de Sonora y Sinaloa. México: Secretaría de Hacienda y Crédito Público. Dirección de Estudios Hacendarios, Departamento de Biblioteca y Archivos Económicos, 1952. lii p.24aDepartamento de Biblioteca Archivos Económicos y Publicaciones (México)14aBibliografíavPublicaciones periódicas2 aSecretaría de Hacienda y Crédito Público (México)